banner-ar

High-yield gross anatomy / (Record no. 62201)

MARC details
000 -الفاتح
حقل البيانات ثابتة الطول 01838cam a2200421 i 4500
005 - وقت وتاريخ اخر تعامل مع التسجيلة
رقم الضبط 20240530110538.0
008 - عناصر البيانات ثابتة الطول - معلومات عامة
حقل البيانات ثابتة الطول 131024t20152015paua b 001 0 eng
010 ## -
-- 2013042519
020 ## - الرقم الدولى المعيارى للكتب
الرقم الدولى المعيارى للكتاب 9781451190236 (alk. paper)
020 ## - الرقم الدولى المعيارى للكتب
الرقم الدولى المعيارى للكتاب 1451190239 (alk. paper)
035 ## - رقم ضبط النظام
رقم ضبط النظام (DNLM)101618670
040 ## - مصدر الفهرسة
وكالة الفهرسة الأصلية DNLM/DLC
وكالة النسخ DLC
قواعد الوصف rda
وكالة التعديل DLC
042 ## -
-- pcc
050 00 -
-- QM31
-- .D83 2015
060 10 -
-- QS 18.2
082 00 - رقم تصنيف ديوى العشرى
رقم الطبعة 23
رقم التصنيف 612.002
رقم المادة D H
100 1# - المدخل الرئيسى - إسم شخصى
الإسم الشخصى Dudek, Ronald W.,
التواريخ المصاحبة للاسم 1950-
الدور author.
245 10 - بيان العنوان
العنوان High-yield gross anatomy /
بيان المسئوليه,etc Ronald W. Dudek, Professor, Brody School of Medicine, East Carolina University, Department of Anatomy and Cell Biology, Greenville, North Carolina, Thomas M. Louis, Professor, Brody School of Medicine, East Carolina University, Department of Anatomy and Cell Biology, Greenville, North Carolina.
250 ## - بيان الطبعة
بيان الطبعة Fifth edition.
300 ## - الوصف المادى
التعداد xi, 308 pages :
تفاصيل ماديه اخرى للوعاء illustrations (some color) ;
أبعاد الوعاء 26 cm.
490 0# - بيان السلسلة
عنوان السلسلة High-yield
504 ## - تبصرة ببليوجرافية
تبصرة ببليوجرافية,الخ Includes bibliographical references and index.
650 #0 - المدخل الاضافى بالموضوع-مصطلح موضوعى
مصطلح موضوعي Human anatomy
التقسيم الفرعي الشكلي Outlines, syllabi, etc.
650 #0 - المدخل الاضافى بالموضوع-مصطلح موضوعى
مصطلح موضوعي Anatomy
التقسيم الفرعي الشكلي Outlines.
650 12 - المدخل الاضافى بالموضوع-مصطلح موضوعى
مصطلح موضوعي Anatomy
التقسيم الفرعي الشكلي Outlines.
700 1# - المدخل الاضافى - اسم شخصى
الإسم الشخصى Louis, Thomas,
الدور author.
942 ## - عناصر المدخل الإضافي( كوها)
مصدر التصنيف او مخطط الترفيف Dewey Decimal Classification
Koha [default] item type كتاب
264 #1 -
-- Philadelphia :
-- Wolters Kluwer Health,
-- [2015]
264 #4 -
-- ©2015
336 ## -
-- text
-- rdacontent
337 ## -
-- unmediated
-- rdamedia
338 ## -
-- volume
-- rdacarrier
520 ## - التبصرة الخاصة بالتعليق أو التلخيص
ملخص,الخ "High-Yield Gross Anatomy addresses many of the recurring clinical themes of the USMLE Step 1. The information presented in this text prepares you to handle not only the clinical vignettes found on the USMLE Step 1, but also the questions concerning basic gross anatomy concepts"--Provided by publisher.
906 ## - عنصر بيانات محلى F, LDF (RLIN)
a 7
b cbc
c orignew
d 1
e ecip
f 20
g y-gencatlg
Holdings
حالة التراجع حالة الفقد مصدر التصنيف او خطة الترفيف حالة تلف ليس للاعارة المكان المؤقت الموقع الحالى تاريخ الاكتساب اجمالي اﻻعارات رقم الطلب الباركود تاريخ اخر مشاهدة تاريخ تفعيل السعر نوع وعاء كوها
    ddc     مكتبة القاهرة الكبرى مكتبة القاهرة الكبرى 05/03/2016   612.002 D H 161857 05/03/2016 05/03/2016 كتاب

Powered By

EGPV